000 00728nam a2200217Ii 4500
003 JO-AjNU
008 230605s9999||||xx |||||||||||||| ||und||
017 _a1982/1801
020 _a977-7358-25-3
040 _aJO-AjNU
_bara
_erda
_cJO-AjNU
041 _aara
050 1 4 _aHG65.I75 1982
100 3 _aتأليف: عبد الباري، اسماعيل حسن,
_eauthor
_98454
245 0 0 _aتوطن البدو
264 3 1 _aالقاهرة: دار المعارف للنشر، 1982
300 _a183ص
_bيحتوي على ببلوغرافية من 180-183ص
336 _atext
_btxt
_2rdacontent
337 _aunmediated
_bn
_2rdamedia
338 _avolume
_bnc
_2rdacarrier
650 4 _aعلم الاجتماع -البدو
_98455
999 _aA797
_c4365
_d4365